Metal nanoparticles: synthesis, characterization and applications

Uloženo v:
Podrobná bibliografie
Hlavní autor: Feldheim, Daniel L (Autor)
Médium: Kniha
Jazyk:angličtina
Vydáno: Nueva York Marcel Dekker 2002
Témata:
Tagy: Přidat tag
Žádné tagy, Buďte první, kdo vytvoří štítek k tomuto záznamu!

MARC

LEADER 00000nam a2200000 a 4500
001 UCM8216
003 CL-VaPUC
008 030228e20020000US |||||||||||||||||eng|d
082 0 4 |a 620.1699  |b FEL  |2 21 
100 0 |a Feldheim, Daniel L  |e author  |9 474196 
245 1 0 |a Metal nanoparticles: synthesis, characterization and applications 
300 |a 338 p 
942 |c BK 
945 |d 20030228 00:00:00  |a vberengu 
260 |a Nueva York  |b Marcel Dekker  |c 2002 
650 0 |a Metales   |9 260686 
650 0 |a Nanopartículas  |9 473727 
583 |a last modification  |c 20030228 00:00:00  |k Rodrigo Vera 
999 |c 302794  |d 302792 
952 |0 0  |1 0  |4 0  |6 620_169900000000000_FEL_2002  |7 0  |8 A  |9 363537  |a BIBCUR  |b BIBCUR  |d 2019-11-21  |i 3880389  |l 1  |o 620.1699 FEL 2002  |p 3880389  |r 2025-04-22  |s 2024-04-01  |w 2019-11-21  |y BK  |k PQI 
952 |0 0  |1 0  |4 0  |6 620_169900000000000_FEL_2002  |7 0  |8 A  |9 363538  |a BIBCUR  |b BIBCUR  |d 2019-11-21  |i 3911195  |o 620.1699 FEL 2002  |p 3911195  |r 2025-04-22  |w 2019-11-21  |y BK  |k BCB